[Event "Preinscritos IRT Online"]
[Site "Chess.com INT"]
[Date "2020.12.26"]
[Round "4"]
[White "Lopez Salas, Jorge Oswaldo"]
[Black "Pazos Gambarrotti, Plinio Efrain"]
[Result "0-1"]
[WhiteElo "1403"]
[BlackElo "2370"]
[PlyCount "98"]
[EventDate "2020.12.26"]
[EventType "swiss"]
[EventRounds "11"]
[EventCountry "ECU"]
[SourceTitle "CBM 200 Extra"]
[Source "ChessBase"]
[SourceDate "2021.03.31"]
[SourceVersion "1"]
[SourceVersionDate "2021.03.31"]
[SourceQuality "1"]

1. e4 c5 2. d4 cxd4 3. Qxd4 Nc6 4. Qd1 Nf6 5. Nc3 e6 6. Bd3 Bb4 7. Nge2 d5 8. exd5 Nxd5 9. 0-0 0-0 10. a3 Bd6 11. Nxd5 exd5 12. Nf4 d4 13. Qh5 g6 14. Qh6 Ne5 15. Re1 Ng4 16. Qh3 Nxf2 17. Qf3 Nxd3 18. Nxd3 Be6 19. Bh6 Re8 20. Rf1 Qh4 21. Bf4 Bxf4 22. Qxf4 Qxf4 23. Nxf4 Rac8 24. Nxe6 Rxe6 25. Rac1 Re2 26. Rf2 Rxf2 27. Kxf2 d3 28. Ke3 Rxc2 29. Rxc2 dxc2 30. Kd2 f5 31. Kxc2 Kf7 32. Kd3 Ke6 33. Kd4 g5 34. b4 f4 35. a4 h5 36. Ke4 Kf6 37. b5 b6 38. g3 fxg3 39. hxg3 Ke6 40. Kf3 Kf5 41. Ke3 Kg4 42. Kf2 h4 43. gxh4 gxh4 44. Kg2 Kf4 45. Kh2 Ke4 46. Kh3 Kd4 47. Kxh4 Kc4 48. a5 bxa5 49. b6 axb6 0-1

[Event "Preinscritos IRT Online"]
[Site "Chess.com INT"]
[Date "2020.12.26"]
[Round "10"]
[White "Palacios Gordillo, Camila Estefania"]
[Black "Lopez Salas, Jorge Oswaldo"]
[Result "1-0"]
[WhiteElo "1611"]
[BlackElo "1403"]
[PlyCount "105"]
[EventDate "2020.12.26"]
[EventType "swiss"]
[EventRounds "11"]
[EventCountry "ECU"]
[SourceTitle "CBM 200 Extra"]
[Source "ChessBase"]
[SourceDate "2021.03.31"]
[SourceVersion "1"]
[SourceVersionDate "2021.03.31"]
[SourceQuality "1"]

1. d4 Nf6 2. c4 e6 3. Nc3 c5 4. d5 d6 5. Nf3 e5 6. e4 Be7 7. Bd3 a6 8. 0-0 Bg4 9. Bg5 Nbd7 10. h3 Bh5 11. Be2 Bg6 12. Bxf6 Nxf6 13. Nd2 h6 14. f3 Nh5 15. Qa4+ Qd7 16. Qxd7+ Kxd7 17. Na4 Kc7 18. Nb3 Ng3 19. Rfe1 Nxe2+ 20. Rxe2 b5 21. cxb5 axb5 22. Nc3 b4 23. Nd1 Ra4 24. Ne3 Rha8 25. Nc4 Rxa2 26. Rxa2 Rxa2 27. Nba5 Ra1+ 28. Kf2 Bh4+ 29. g3 Bd8 30. Nc6 f6 31. N4a5 Kc8 32. Nc4 Bc7 33. Ne7+ Kd7 34. Nxg6 h5 35. Nh4 g5 36. Nf5 Ra8 37. Ng7 h4 38. gxh4 gxh4 39. Nf5 Rh8 40. Ke3 Rh5 41. Rg2 Rg5 42. Rxg5 fxg5 43. b3 Bb8 44. Kd3 Bc7 45. Nfe3 Ke7 46. Ng4 Kf7 47. Nh6+ Kg6 48. Nf5 g4 49. fxg4 Kg5 50. Nfxd6 Kf4 51. Nf5 Kg5 52. d6 Bxd6 53. Nfxd6 1-0